Vlastiveda 4 pre 4. ročník základnej školy

Bibliographic Details
Main Authors: Kožuchová, Mária, 1950- (Author), Šimunková, Mária (Author), Matúšková, Renáta, 1968- (Author)
Other Authors: Ondreičková, Daniela, 1951- (Illustrator), Lacika, Ján, 1956- (Photographer, Cartographer)
Format: Book
Language:Slovak
PhysicalDescription:86 s. fareb. fotogr. a ilustr., mp., sch., tab. 30 cm
Published: Bratislava Expol pedagogika 2014
ISBN:9788080913755
Edition:4. vyd.
Subjects:

MARC

LEADER 00000cam a2200000 a 4500
001 vtls010660218
003 SK-MaSNL
005 20260425233055.0
008 240313s2014 xo oab c 000 0 slo
015 |a SNBA2015/04 
020 |a 9788080913755  |q (brož.) 
035 |a 018437D5-0408-41FE-A86C-F2516041BAB4 
035 |a urn:nbn:sk:snk-amjqfw 
035 |a urn:nbn:sk:snk-am003m5y 
040 |a SNK  |b slo  |c SNK  |e AACR2 
041 0 |a slo 
043 |a e-xo--- 
044 |a xo  |c SK 
072 7 |a 373.2/.3  |x Predškolská a primárna výchova a vzdelávanie  |2 konspekt 
080 |a 908(437.6)  |2 2001 
080 |a (075.2)  |2 2001 
100 1 |a Kožuchová, Mária,  |d 1950-  |4 aut  |9 185671 
245 1 0 |a Vlastiveda 4  |b pre 4. ročník základnej školy  |c [autori Mária Kožuchová, Renáta Matúšková, Mária Šimunková ; ilustrácie Daniela Ondreičková ... [et al.] ; autori fotografií Ján Lacika ... [et al.] ; mapy Ján Lacika] 
250 |a 4. vyd. 
260 |a Bratislava  |b Expol pedagogika  |c 2014 
300 |a 86 s.  |b fareb. fotogr. a ilustr., mp., sch., tab.  |c 30 cm 
650 0 7 |a vlastiveda  |2 SNKPH  |9 3887 
650 0 7 |a History and geography  |2 SNKPHeng  |9 265657 
651 7 |a Slovensko  |2 SNKPH  |9 14231 
651 7 |a Slovakia  |2 SNKPHeng  |9 92630 
655 7 |a učebnice základných škôl  |2 SNKPH  |9 70187 
655 7 |a Textbooks (elementary)  |2 SNKPHeng  |9 276977 
700 1 |a Šimunková, Mária  |4 aut  |9 332410 
700 1 |a Matúšková, Renáta,  |d 1968-  |4 aut  |9 204729 
700 1 |a Ondreičková, Daniela,  |d 1951-  |4 ill  |9 193858 
700 1 |a Lacika, Ján,  |d 1956-  |4 pht  |4 ctg  |9 101502 
852 |a Štátna vedecká knižnica v Banskej Bystrici 
919 |a 978-80-8091-375-5 
999 |c 755939  |d 757869 
952 |a SNK  |b SNK  |y PREZ  |7 0  |p 17A1141617  |o snkSB 88054  |i snk2015/9444  |8 0  |0 0  |1 0  |4 0  |d 2015-03-18  |f 1  |l 0  |r 2025-05-12 00:00:00  |w 2026-02-23 
952 |a SNK  |b SNK  |y VYP  |7 0  |p 17A1141618  |o snkSB 88054 D1  |i snk2015/9445  |8 0  |0 0  |1 0  |4 0  |d 2015-03-18  |l 0  |r 2026-02-23 23:48:10  |w 2026-02-23